000 01528cam a22003857a 4500
003 CHAP
005 20220329142621.0
008 010926d2000 mx r 00110 spa d
010 _a85690
011 _a86662
020 _a9688843229
035 _a97201
040 _cCHAP
082 0 4 _a338.9
_bP43
100 0 0 _aPerales Salvador, Arturo
_ecomp.
_987008
245 1 0 _aIntegracion regional y globalizacion
_c/comp. por Arturo Perales Salvdor, Manuel del Valle Sánchez y Braulio Morales Morales
260 _aChapingo, Méx. :
_bUACH. Departamento de Sociología Rural. Grupo de Investigación en Economía, Administración y Comercio,
_c2001.
300 _a346 p.
590 _aBATCH-UPD
_b10
_c20130110
_lUCH01
_h0721
590 _aBATCH-UPD
_b10
_c20130410
_lUCH01
_h0406
590 _aBATCH-UPD
_b10
_c20130914
_lUCH01
_h1545
590 _aCONVERSION
_b10
_c20130109
_lUCH01
_h1348
650 1 4 _aGlobalización.
_948300
650 1 4 _aIntegración económica.
_959499
650 1 4 _aRelaciones internacionales.
_995822
700 0 0 _aMorales Morales, Braulio
_978345
700 0 0 _aValle Sánchez, Manuel del.
_9117618
901 _aBK
905 _aAlejandra Carrasco M.
942 _cLIBRO
949 _a338.9 P43
_bBC
_cLIBRO
_d33724000864997
_eLIBRO
_fc.2
_h102487
_i97201
_si
949 _a338.9 P43
_bBC
_cLIBRO
_d33724000865051
_eLIBRO
_h102486
_i97201
_si
949 _a338.9 P43
_bBC
_cUACH
_d33724000864930
_eUACH
_fc.3
_h102488
_i97201
_sb
949 _a338.9 P43
_bBC
_cUACH
_d33724000873501
_eLIBRO
_fc.4
_gDonaciØn
_h103011
_i97201
_si
999 _c85690
_d85690